THE PHYSICS OF ELECTROLUMINESCENT DEVICES (Record no. 583652)
[ view plain ]
| 000 -LEADER | |
|---|---|
| fixed length control field | 00261nam a22001097a 4500 |
| 082 ## - DEWEY DECIMAL CLASSIFICATION NUMBER | |
| Classification number | 620.11 THO'P |
| 100 ## - MAIN ENTRY--PERSONAL NAME | |
| Personal name | THORNTON, R. R |
| 9 (RLIN) | 78542 |
| 245 ## - TITLE STATEMENT | |
| Title | THE PHYSICS OF ELECTROLUMINESCENT DEVICES |
| 260 ## - PUBLICATION, DISTRIBUTION, ETC. | |
| Place of publication, distribution, etc. | LONDON |
| Name of publisher, distributor, etc. | E & F. N |
| Date of publication, distribution, etc. | 1967 |
| 300 ## - PHYSICAL DESCRIPTION | |
| Extent | 382P |
| 942 ## - ADDED ENTRY ELEMENTS (KOHA) | |
| Koha item type | Book |
| Withdrawn status | Lost status | Damaged status | Not for loan | Permanent Location | Current Location | Shelving location | Date acquired | Total Checkouts | Full call number | Barcode | Date last seen | Price effective from | Koha item type |
|---|---|---|---|---|---|---|---|---|---|---|---|---|---|
| College of Electrical & Mechanical Engineering (CEME) | College of Electrical & Mechanical Engineering (CEME) | General Stacks | 06/16/2017 | 620.11 THO'P | CEME-8059 | 06/28/2021 | 06/28/2021 | Book |
